Pracovní a prodejní doba v obchodě (soubor zkušeností s prodlouženou prodejní dobou v zahraničí)
Salvato in:
| Autore principale: | |
|---|---|
| Altri autori: | |
| Natura: | Libro |
| Lingua: | ceco |
| Pubblicazione: |
Praha
Výzkumný ústav obchodu
1971
|
| Tags: |
Nessun Tag, puoi essere il primo ad aggiungerne!!
|
MARC
| LEADER | 00000nam a2200000 4500 | ||
|---|---|---|---|
| 001 | c121907 | ||
| 005 | 20240311123123.3 | ||
| 041 | 0 | |a cze | |
| 044 | |a CZ | ||
| 245 | 1 | 0 | |a Pracovní a prodejní doba v obchodě |b (soubor zkušeností s prodlouženou prodejní dobou v zahraničí) |c Helena Soukupová, Božena Vondráčková |
| 264 | 1 | |a Praha |b Výzkumný ústav obchodu |c 1971 | |
| 300 | |a 52 s. | ||
| 100 | 1 | |a Soukupová, Helena | |
| 700 | 1 | |a Vondráčková, Božena | |